| 000 | 01708nam a2200325 i 4500 | ||
|---|---|---|---|
| 001 | 000007399 | ||
| 003 | DO-SdBNP | ||
| 005 | 20251120073731.0 | ||
| 007 | ta | ||
| 008 | 090908s1982 dr r 001 0 spa d | ||
| 040 |
_aDO-SdBNP _bspa _cBNPHU _erda |
||
| 082 | 4 |
_a510.2433 _bL865m, 1982 _222 |
|
| 100 | 1 |
_aLora, Ricardo, _911771 _eautor |
|
| 245 | 1 | 0 |
_aMatemáticas financieras / _cRicardo Lora ; prólogo, Ramón Jiménez Rojas. |
| 250 | _a3a. ed. | ||
| 264 |
_aSantiago de los Caballeros, República Dominicana : _bUCMM, _c1982. |
||
| 300 |
_a264 páginas : _bilustraciones ; _c23 cm. |
||
| 336 |
_2rdacontent _atexto _bn |
||
| 337 |
_2rdamedia _asin mediación _bn |
||
| 338 |
_2rdacarrier _avolumen _bnc |
||
| 490 |
_aTextos _v41 |
||
| 505 | 0 |
_aDedicatoria-- _tPrólogo a la tercera edición-- _tPrólogo a la segunda edición-- _tLista de tablas-- _tIntroducción-- _tLos números. Repaso de algunas operaciones -- _tExponentes. Logaritmos; concepto, tabla y su uso -- _tAlgunas nociones de estadística -- _tDepreciación -- _tDescuento comercial -- _tCalculo de precios y beneficio -- _t Interés simple -- _tValor actual u descuento bancario -- _tInterés compuesto -- _tAnualidades vencidas u ordinarias -- _tAnualidades anticipadas y diferidas -- _tAmortización -- _tBonos. Algunas operaciones -- _tCaso general de las anualidades ciertas. |
|
| 590 | _aInventariado, 2018/BT | ||
| 650 | 4 |
_aMatemáticas financieras _xEnseñanzas _911772 |
|
| 650 | 4 |
_aMatemáticas financieras _xProblemas, ejercicios, etc. _97100 |
|
| 700 | 1 | 2 |
_aJiménez Rojas, Ramón, _eprólogo _920560 |
| 710 | 2 | 2 |
_aPontificia Universidad Católica Madre y Maestra _9843 |
| 910 | _aValidado. Control de caliad. MFF | ||
| 942 |
_2ddc _cLBS1 |
||
| 999 |
_c7180 _d7180 |
||